header

Reflections on the revolution in France (Record no. 100174)

MARC details
000 -LEADER
fixed length control field 01757nam a2200421 a 4500
100 1# - MAIN ENTRY--AUTHOR NAME
Personal name Burke, Edmund,
245 10 - TITLE STATEMENT
Title Reflections on the revolution in France
260 ## - PUBLICATION, DISTRIBUTION, ETC. (IMPRINT)
Place of publication Indianapolis :
Name of publisher Liberty Fund,
Year of publication 1999.
300 ## - PHYSICAL DESCRIPTION
Number of Pages xxxiii, 476 p.
490 0# - SERIES STATEMENT
Series statement Select works of Edmund Burke : a new imprint of the Payne edition ;
500 ## - GENERAL NOTE
General note Originally published: Oxford : Clarendon Press, 1874-1878.
700 1# - ADDED ENTRY--PERSONAL NAME
Personal name Canavan, Francis,
Personal name Payne, Edward John,
856 40 - ELECTRONIC LOCATION AND ACCESS
Uniform Resource Identifier http://site.ebrary.com/lib/rucke/Doc?id=10614199

No items available.

© 2026 Rongo University
Contact us: librarian | system librarian | Rongo university